Movies Quiz

Random Movies or Actor Quiz
Score 0/40 Timer 08:00
0 Plays Today
% Correct
Ace Ventura
94.6%
Capt. Jack Sparrow
92.6%
Edward Scissorhands
90.7%
Indiana Jones
90%
The Grinch
89.6%
Benjamin Button
88.8%
Han Solo
88.3%
Euphegenia Doubtfire
88.2%
Muhammad Ali
86.6%
Willy Wonka
86.4%
Alex 'Hitch' Hitchens
86.3%
Agent J
85.7%
Malcolm X
84.1%
Patch Adams
82.7%
The Joker
80%
Popeye
76.4%
John Hancock
73.6%
Gilbert Grape
73.3%
Joe Black
72.1%
Bagger Vance
71.5%
% Correct
Dr. Richard Kimble
70.3%
Jack Torrance
70.1%
Rubin 'Hurricane' Carter
70%
Coach Herman Boone
70%
Tyler Durden
69.1%
Lloyd Christmas
68%
Andy Kaufman
67.9%
Col. Nathan R. Jessup
65.7%
Donnie Brasco
63%
Det. Alonzo Harris
62.6%
Stanley Ipkiss
57.7%
Billy Beane
55.1%
T.S. Garp
52.6%
Randle P. McMurphy
49.3%
Rusty Ryan
45.6%
Rick Deckard
44.2%
Frank Lucas
41.9%
Adrian Cronauer
40.3%
Melvin Udall
35.8%
Branch Rickey
34.8%
Remove Ads.
Support Sporcle.
Get the best of Sporcle when you Go Orange. This ad-free experience offers more features, more stats, and more fun while also helping to support Sporcle. Thank you for becoming a member.

You're not logged in!

Compare scores with friends on all Sporcle quizzes.
OR
Log In

Sporcle TV

Today on Sporcle TV


Watch our educational content, quiz creation guides, and fun videos on Sporcle TV.

Show Comments

Extras

Top Quizzes Today


Score Distribution

Paid Content

Your Account Isn't Verified!

In order to create a playlist on Sporcle, you need to verify the email address you used during registration. Go to your Sporcle Settings to finish the process.

Report this User

Report this user for behavior that violates our Community Guidelines.

Details: